|
|
|
|
| LEADER |
00000cam a2200000 a 4500 |
| 001 |
vtls001445622 |
| 003 |
SK-MaSNL |
| 005 |
20260302002144.0 |
| 008 |
250414s2002 xo aad fr 10000 slo |
| 015 |
|
|
|a SNBA2003/03-00887
|
| 020 |
|
|
|a 8023304720
|
| 035 |
|
|
|a SNK000400858
|
| 035 |
|
|
|a urn:nbn:sk:snk-amjquk
|
| 035 |
|
|
|a urn:nbn:sk:snk:ar-008zkw
|
| 035 |
|
|
|a c1f72ac7-8af9-4439-867a-b73497ffeec5
|
| 040 |
|
|
|a SNK
|b slo
|c SNK
|e AACR2
|
| 041 |
0 |
|
|a slo
|
| 044 |
|
|
|a xo
|c SK
|
| 245 |
0 |
0 |
|a Sakrálne stavby - 10 rokov výstavby
|b zborník prednášok : konferencia s medzinárodnou účasťou, 17.-18.6.2002 Bratislava
|
| 260 |
|
|
|a Bratislava
|b Dom techniky ZSVTS
|c 2002
|
| 300 |
|
|
|a 124 s.
|b fotogr., sch.
|c 21 cm
|
| 500 |
|
|
|a Čiast. text pol.
|
| 504 |
|
|
|a Bibliogr. odkazy. Res. angl. a nem.
|
| 650 |
0 |
7 |
|a architektúra sakrálna
|x zborníky
|2 SNK
|9 639159
|
| 650 |
0 |
7 |
|a stavby sakrálne
|x zborníky
|2 SNK
|9 639160
|
| 655 |
|
7 |
|a zborníky konferencií
|2 SNKPH
|9 70153
|
| 655 |
|
7 |
|a issue_zb
|2 SNK
|9 276493
|
| 852 |
|
|
|a Slovenská národná knižnica
|
| 919 |
|
|
|a 80-233-0472-0
|
| 954 |
|
|
|a odborná, vedecká literatúra pôvodná (slovenská)
|2 lita
|
| 954 |
|
|
|a odborná, vedecká literatúra cudzojazyčná (svetová)
|2 lita
|
| 958 |
|
|
|a ART
|
| 958 |
|
|
|a TL
|
| 958 |
|
|
|a NB
|
| 958 |
|
|
|a ZB
|
| 958 |
|
|
|a OND
|
| 999 |
|
|
|c 986839
|d 988769
|
| 952 |
|
|
|a SNK
|b SNK
|y PREZ
|7 0
|p 17A0367063
|o snkSC 110064
|i snkKSP 14804/2002
|0 0
|1 0
|4 0
|d 2002-12-04
|l 0
|r 2025-09-30 00:00:00
|w 2026-02-24
|
| 952 |
|
|
|a SNK
|b SNK
|y VYP
|7 0
|p 17A0367064
|o snkSC 110064 D1
|i snkKSP 14805/2002
|0 0
|1 0
|4 0
|d 2002-12-04
|l 0
|r 2005-01-02 00:00:00
|w 2026-02-24
|